[Event "CECLUB Segunda División"]
[Site "Linares"]
[Date "2017.08.11"]
[Round "6"]
[White "Plaza Pardo, Daniel"]
[Black "Laiz Ibanez, Hector"]
[Result "1-0"]
[Board "2"]
[WhiteElo "2214"]
[WhiteCountry "ESP"]
[WhiteFideId "2214911"]
[WhiteEloChange "12"]
[BlackTitle "FM"]
[BlackElo "2284"]
[BlackCountry "ESP"]
[BlackFideId "2216710"]
[BlackEloChange "-12"]

1. d4 {[%clk 1:30:54]} Nf6 {[%clk 1:30:39]} 2. c4 {[%clk 1:30:58]} e6 {[%clk
1:30:54]} 3. Nf3 {[%clk 1:30:31]} b6 {[%clk 1:30:51]} 4. g3 {[%clk 1:30:24]} Bb7
{[%clk 1:29:01]} 5. Bg2 {[%clk 1:30:44]} Bb4+ {[%clk 1:27:03]} 6. Bd2 {[%clk
1:29:40]} Qe7 {[%clk 1:20:22]} 7. O-O {[%clk 1:27:55]} O-O {[%clk 1:20:40]} 8.
Bf4 {[%clk 1:26:00]} d5 {[%clk 1:17:30]} 9. Ne5 {[%clk 1:21:10]} Rd8 {[%clk
1:10:34]} 10. Qa4 {[%clk 1:15:39]} Bd6 {[%clk 1:08:38]} 11. Nc3 {[%clk 1:11:12]}
a6 {[%clk 1:01:59]} 12. Rac1 {[%clk 1:08:36]} c6 {[%clk 0:59:23]} 13. Qb3 {[%clk
1:02:31]} b5 {[%clk 0:51:48]} 14. c5 {[%clk 0:57:53]} Bc7 {[%clk 0:52:12]} 15.
Bf3 {[%clk 0:43:03]} a5 {[%clk 0:44:31]} 16. Qc2 {[%clk 0:39:30]} Na6 {[%clk
0:40:07]} 17. a3 {[%clk 0:38:41]} Nd7 {[%clk 0:39:33]} 18. Nxd7 {[%clk 0:36:00]}
Bxf4 {[%clk 0:38:24]} 19. gxf4 {[%clk 0:36:04]} Rxd7 {[%clk 0:35:42]} 20. Qd3
{[%clk 0:32:25]} Nc7 {[%clk 0:35:52]} 21. b4 {[%clk 0:29:09]} Qf6 {[%clk
0:32:03]} 22. Qd2 {[%clk 0:27:56]} a4 {[%clk 0:32:17]} 23. Kh1 {[%clk 0:27:36]}
Qh6 {[%clk 0:29:40]} 24. Rg1 {[%clk 0:26:09]} f6 {[%clk 0:24:45]} 25. e3 {[%clk
0:16:47]} Re8 {[%clk 0:23:35]} 26. Rg3 {[%clk 0:15:17]} e5 {[%clk 0:22:22]} 27.
f5 {[%clk 0:12:05]} g5 {[%clk 0:15:30]} 28. fxg6 {[%clk 0:10:46]} hxg6 {[%clk
0:15:35]} 29. Rcg1 {[%clk 0:10:56]} g5 {[%clk 0:14:58]} 30. Bg4 {[%clk 0:08:38]}
Rde7 {[%clk 0:11:47]} 31. f4 {[%clk 0:06:50]} exf4 {[%clk 0:11:00]} 32. exf4
{[%clk 0:06:50]} Qg6 {[%clk 0:07:42]} 33. Qf2 {[%clk 0:01:49]} Rf8 {[%clk
0:07:38]} 34. f5 {[%clk 0:01:32]} Qe8 {[%clk 0:07:33]} 35. Rh3 {[%clk 0:01:04]}
Qd7 {[%clk 0:04:22]} 36. Bh5 {[%clk 0:00:44]} Rh7 {[%clk 0:04:23]} 37. Qf3 {[%clk
0:01:02]} Kg7 {[%clk 0:04:20]} 38. Bg6 {[%clk 0:00:41]} Rxh3 {[%clk 0:04:44]} 39.
Qxh3 {[%clk 0:01:09]} Rh8 {[%clk 0:05:09]} 40. Qg3 {[%clk 0:01:13]} Bc8 {[%clk
0:02:04]} 41. Re1 {[%clk 0:01:13]} Ne8 {[%clk 0:01:50]} 42. Qe3 {[%clk 0:00:57]}
Rf8 {[%clk 0:00:34]} 43. Qe7+ {[%clk 0:01:08]} Qxe7 {[%clk 0:00:46]} 44. Rxe7+
{[%clk 0:01:32]} 1-0

[Event "CECLUB Segunda División"]
[Site "Linares"]
[Date "2017.08.11"]
[Round "6"]
[White "Torrado Quintela, Julio"]
[Black "Barbera Estelles, Rosendo"]
[Result "1/2-1/2"]
[Board "3"]
[WhiteElo "2201"]
[WhiteCountry "ESP"]
[WhiteFideId "2218496"]
[BlackElo "2195"]
[BlackCountry "ESP"]
[BlackFideId "2201046"]

1. d4 {[%clk 1:30:53]} Nf6 {[%clk 1:30:38]} 2. Nf3 {[%clk 1:31:14]} g6 {[%clk
1:30:37]} 3. g3 {[%clk 1:31:34]} Bg7 {[%clk 1:30:29]} 4. Bg2 {[%clk 1:31:58]} O-O
{[%clk 1:30:30]} 5. O-O {[%clk 1:32:24]} d6 {[%clk 1:29:48]} 6. c4 {[%clk
1:31:25]} c6 {[%clk 1:25:11]} 7. Nc3 {[%clk 1:30:57]} Qa5 {[%clk 1:25:06]} 8. d5
{[%clk 1:23:31]} cxd5 {[%clk 1:22:57]} 9. cxd5 {[%clk 1:23:40]} b5 {[%clk
1:22:03]} 10. Nd4 {[%clk 1:19:39]} b4 {[%clk 1:13:15]} 11. Ne4 {[%clk 1:16:31]}
Re8 {[%clk 0:50:10]} 12. Nxf6+ {[%clk 1:10:19]} Bxf6 {[%clk 0:50:19]} 13. a3
{[%clk 1:10:24]} Na6 {[%clk 0:42:04]} 14. Be3 {[%clk 1:03:36]} bxa3 {[%clk
0:37:08]} 15. Rxa3 {[%clk 1:02:33]} Qb4 {[%clk 0:36:05]} 16. Qa4 {[%clk 0:50:22]}
Qxa4 {[%clk 0:34:15]} 17. Rxa4 {[%clk 0:50:48]} Nc5 {[%clk 0:27:41]} 18. Ra2
{[%clk 0:50:50]} Rb8 {[%clk 0:27:01]} 19. Rb1 {[%clk 0:50:09]} a5 {[%clk
0:20:00]} 20. Rxa5 {[%clk 0:31:13]} Bxd4 {[%clk 0:16:26]} 21. Bxd4 {[%clk
0:31:38]} Bf5 {[%clk 0:16:07]} 22. e4 {[%clk 0:30:14]} Bxe4 {[%clk 0:11:50]} 23.
Bxe4 {[%clk 0:30:37]} Nxe4 {[%clk 0:12:15]} 24. Re1 {[%clk 0:26:04]} Nd2 {[%clk
0:11:38]} 25. Ra3 {[%clk 0:20:38]} Nb3 {[%clk 0:08:59]} 26. Bc3 {[%clk 0:18:34]}
Rb5 {[%clk 0:07:18]} 27. Re4 {[%clk 0:16:56]} Nc5 {[%clk 0:06:32]} 28. Re2 {[%clk
0:14:05]} Kf8 {[%clk 0:06:22]} 29. b4 {[%clk 0:10:51]} Nd7 {[%clk 0:06:37]} 30.
Ra5 {[%clk 0:11:03]} Rb7 {[%clk 0:06:52]} 31. Rea2 {[%clk 0:08:15]} Nb6 {[%clk
0:05:58]} 32. Rb5 {[%clk 0:07:42]} f6 {[%clk 0:05:56]} 33. Kg2 {[%clk 0:06:25]}
Reb8 {[%clk 0:06:14]} 34. Kf3 {[%clk 0:06:29]} Nd7 {[%clk 0:06:07]} 35. Rxb7
{[%clk 0:06:54]} Rxb7 {[%clk 0:06:33]} 36. Ke4 {[%clk 0:06:30]} Nb6 {[%clk
0:05:39]} 37. Ra5 {[%clk 0:03:32]} Nc4 {[%clk 0:02:59]} 38. Ra8+ {[%clk 0:03:57]}
Kf7 {[%clk 0:03:23]} 39. Rc8 {[%clk 0:04:00]} Nb6 {[%clk 0:02:50]} 40. Rc6 {[%clk
0:03:47]} Ke8 {[%clk 0:03:09]} 41. Bd2 {[%clk 0:02:54]} Kd7 {[%clk 0:03:10]} 42.
Rc1 {[%clk 0:02:45]} Nc8 {[%clk 0:03:10]} 43. Ra1 {[%clk 0:02:47]} Na7 {[%clk
0:03:00]} 44. Kd4 {[%clk 0:02:24]} Nb5+ {[%clk 0:02:14]} 45. Kc4 {[%clk 0:02:37]}
Nc7 {[%clk 0:02:15]} 46. Be3 {[%clk 0:02:45]} Kc8 {[%clk 0:01:06]} 47. Ra7 {[%clk
0:02:28]} Rxa7 {[%clk 0:01:04]} 48. Bxa7 {[%clk 0:02:57]} Kb7 {[%clk 0:01:24]}
49. Be3 {[%clk 0:03:19]} Ka6 {[%clk 0:01:38]} 50. Bh6 {[%clk 0:03:04]} Na8 {[%clk
0:01:18]} 51. Bf8 {[%clk 0:02:05]} Nb6+ {[%clk 0:01:39]} 52. Kd4 {[%clk 0:02:13]}
Nc8 {[%clk 0:02:03]} 53. Kc4 {[%clk 0:00:54]} 1/2-1/2

[Event "CECLUB Segunda División"]
[Site "Linares"]
[Date "2017.08.11"]
[Round "6"]
[White "Gonzalez Aguirre, Luis"]
[Black "Cruz Alvarez de Ron, Dan"]
[Result "0-1"]
[Board "4"]
[WhiteElo "2119"]
[WhiteCountry "ESP"]
[WhiteFideId "2202000"]
[WhiteEloChange "-9"]
[BlackTitle "FM"]
[BlackElo "2139"]
[BlackCountry "ESP"]
[BlackFideId "2208512"]
[BlackEloChange "9"]

1. c4 {[%clk 1:30:45]} Nf6 {[%clk 1:27:57]} 2. Nf3 {[%clk 1:27:57]} c5 {[%clk
1:27:45]} 3. Nc3 {[%clk 1:27:59]} e6 {[%clk 1:24:20]} 4. g3 {[%clk 1:27:09]} b6
{[%clk 1:24:34]} 5. Bg2 {[%clk 1:27:34]} Bb7 {[%clk 1:24:59]} 6. O-O {[%clk
1:27:38]} Be7 {[%clk 1:25:20]} 7. b3 {[%clk 1:26:55]} O-O {[%clk 1:25:42]} 8. Bb2
{[%clk 1:27:22]} d5 {[%clk 1:19:44]} 9. cxd5 {[%clk 1:25:57]} Nxd5 {[%clk
1:20:05]} 10. Nxd5 {[%clk 1:22:29]} Bxd5 {[%clk 1:20:27]} 11. d4 {[%clk 1:15:47]}
Bf6 {[%clk 1:18:56]} 12. e3 {[%clk 1:14:54]} Nc6 {[%clk 1:16:50]} 13. Re1 {[%clk
1:10:43]} Be4 {[%clk 1:16:14]} 14. Qe2 {[%clk 1:03:26]} cxd4 {[%clk 1:12:26]} 15.
exd4 {[%clk 0:57:11]} Bd5 {[%clk 1:12:45]} 16. Red1 {[%clk 0:53:53]} Rc8 {[%clk
1:12:29]} 17. Rac1 {[%clk 0:51:53]} Bxf3 {[%clk 1:05:50]} 18. Bxf3 {[%clk
0:51:31]} Nxd4 {[%clk 1:05:52]} 19. Bxd4 {[%clk 0:51:04]} Rxc1 {[%clk 1:06:14]}
20. Rxc1 {[%clk 0:51:14]} Bxd4 {[%clk 1:06:23]} 21. Qc4 {[%clk 0:46:10]} Qf6
{[%clk 1:06:26]} 22. Kg2 {[%clk 0:45:10]} a5 {[%clk 1:05:09]} 23. Rc2 {[%clk
0:44:42]} Bc5 {[%clk 1:05:14]} 24. Rd2 {[%clk 0:43:39]} g6 {[%clk 1:04:50]} 25.
Qe4 {[%clk 0:36:58]} Kg7 {[%clk 1:02:55]} 26. Re2 {[%clk 0:31:57]} Bd4 {[%clk
0:57:52]} 27. Rd2 {[%clk 0:30:05]} Bc5 {[%clk 0:58:17]} 28. Re2 {[%clk 0:30:29]}
Rd8 {[%clk 0:54:24]} 29. Qe5 {[%clk 0:30:26]} Rd3 {[%clk 0:54:28]} 30. Qxf6+
{[%clk 0:30:35]} Kxf6 {[%clk 0:54:54]} 31. Be4 {[%clk 0:30:34]} Rd1 {[%clk
0:54:49]} 32. Bc6 {[%clk 0:28:10]} Ke7 {[%clk 0:54:27]} 33. Bb5 {[%clk 0:27:21]}
Kd6 {[%clk 0:53:58]} 34. Be8 {[%clk 0:24:03]} Ke7 {[%clk 0:54:22]} 35. Bb5 {[%clk
0:24:26]} h6 {[%clk 0:50:58]} 36. h4 {[%clk 0:22:33]} Bd4 {[%clk 0:49:00]} 37.
Kf3 {[%clk 0:21:59]} Rc1 {[%clk 0:48:40]} 38. Rd2 {[%clk 0:19:42]} e5 {[%clk
0:49:01]} 39. Bc4 {[%clk 0:19:36]} Rc3+ {[%clk 0:48:41]} 40. Kg2 {[%clk 0:19:57]}
a4 {[%clk 0:43:38]} 41. Bd5 {[%clk 0:17:49]} a3 {[%clk 0:43:51]} 42. Be4 {[%clk
0:11:58]} Rc1 {[%clk 0:40:25]} 43. Rc2 {[%clk 0:10:42]} Ra1 {[%clk 0:40:03]} 44.
Bd5 {[%clk 0:10:51]} Rb1 {[%clk 0:37:59]} 45. Be4 {[%clk 0:07:06]} Rb2 {[%clk
0:37:42]} 46. g4 {[%clk 0:06:31]} Bc5 {[%clk 0:36:02]} 47. Kf3 {[%clk 0:05:54]}
Ke6 {[%clk 0:36:11]} 48. g5 {[%clk 0:05:23]} h5 {[%clk 0:34:48]} 49. Re2 {[%clk
0:04:07]} Kd6 {[%clk 0:29:32]} 50. Bd3 {[%clk 0:04:14]} Bd4 {[%clk 0:26:05]} 51.
Be4 {[%clk 0:01:58]} Ke6 {[%clk 0:24:12]} 52. Bd3 {[%clk 0:02:03]} f5 {[%clk
0:22:24]} 53. gxf6 {[%clk 0:02:28]} Kxf6 {[%clk 0:22:51]} 54. Be4 {[%clk
0:00:35]} g5 {[%clk 0:22:33]} 55. hxg5+ {[%clk 0:00:59]} Kxg5 {[%clk 0:22:59]}
56. Bd3 {[%clk 0:01:21]} h4 {[%clk 0:20:55]} 57. Kg2 {[%clk 0:00:49]} Kh5 {[%clk
0:18:32]} 58. Kf3 {[%clk 0:00:38]} Kg5 {[%clk 0:18:23]} 59. Kg2 {[%clk 0:00:42]}
Kf6 {[%clk 0:16:06]} 60. Kf3 {[%clk 0:00:51]} Ke6 {[%clk 0:16:11]} 61. Kg2 {[%clk
0:00:46]} Kd6 {[%clk 0:16:29]} 62. f3 {[%clk 0:00:42]} Kd5 {[%clk 0:15:56]} 63.
Kh3 {[%clk 0:00:38]} Bf2 {[%clk 0:16:01]} 64. Kg2 {[%clk 0:01:03]} Kd4 {[%clk
0:14:46]} 65. Bb5 {[%clk 0:00:55]} Bg3 {[%clk 0:14:04]} 66. Ba6 {[%clk 0:00:43]}
Kc3 {[%clk 0:14:05]} 67. Bc4 {[%clk 0:00:43]} Rxe2+ {[%clk 0:14:19]} 68. Bxe2
{[%clk 0:00:56]} Kb2 {[%clk 0:14:19]} 0-1

[Event "CECLUB Segunda División"]
[Site "Linares"]
[Date "2017.08.11"]
[Round "6"]
[White "Lopez Mulet, Inigo"]
[Black "Cifuentes Parada, Roberto"]
[Result "0-1"]
[Board "1"]
[WhiteTitle "FM"]
[WhiteElo "2305"]
[WhiteCountry "ESP"]
[WhiteFideId "22235620"]
[WhiteEloChange "-5"]
[BlackTitle "GM"]
[BlackElo "2474"]
[BlackCountry "ESP"]
[BlackFideId "2253488"]
[BlackEloChange "3"]

1. d4 {[%clk 1:30:55]} d5 {[%clk 1:30:57]} 2. c4 {[%clk 1:31:15]} dxc4 {[%clk
1:31:22]} 3. Nf3 {[%clk 1:31:33]} c5 {[%clk 1:31:37]} 4. d5 {[%clk 1:30:08]} e6
{[%clk 1:32:03]} 5. e4 {[%clk 1:29:34]} exd5 {[%clk 1:32:15]} 6. exd5 {[%clk
1:29:56]} Nf6 {[%clk 1:32:37]} 7. Nc3 {[%clk 1:28:37]} a6 {[%clk 1:32:47]} 8. a4
{[%clk 1:28:29]} Bd6 {[%clk 1:33:04]} 9. Bxc4 {[%clk 1:09:23]} O-O {[%clk
1:33:12]} 10. O-O {[%clk 1:09:42]} h6 {[%clk 1:33:27]} 11. h3 {[%clk 1:09:14]}
Bf5 {[%clk 1:33:22]} 12. Nh4 {[%clk 0:59:36]} Bh7 {[%clk 1:33:36]} 13. Bd3 {[%clk
0:59:12]} Be5 {[%clk 1:27:03]} 14. Bxh7+ {[%clk 0:56:01]} Kxh7 {[%clk 1:27:01]}
15. Qd3+ {[%clk 0:44:55]} Kh8 {[%clk 1:26:27]} 16. Rd1 {[%clk 0:44:20]} Nbd7
{[%clk 1:24:26]} 17. Nf5 {[%clk 0:40:05]} Rc8 {[%clk 1:23:41]} 18. f4 {[%clk
0:32:40]} Bb8 {[%clk 1:17:29]} 19. Qg3 {[%clk 0:32:53]} Ne8 {[%clk 1:13:31]} 20.
d6 {[%clk 0:23:28]} Qf6 {[%clk 1:13:06]} 21. Qg4 {[%clk 0:22:38]} Rd8 {[%clk
1:13:07]} 22. Ne7 {[%clk 0:09:47]} Nxd6 {[%clk 1:01:56]} 23. Ncd5 {[%clk
0:09:56]} h5 {[%clk 1:02:07]} 24. Qxh5+ {[%clk 0:01:26]} Qh6 {[%clk 1:02:25]} 25.
Qf3 {[%clk 0:01:27]} f5 {[%clk 1:01:39]} 26. Be3 {[%clk 0:00:47]} Rde8 {[%clk
1:00:46]} 27. Rac1 {[%clk 0:00:38]} Rf7 {[%clk 1:00:39]} 28. Bxc5 {[%clk
0:00:36]} Nxc5 {[%clk 1:00:56]} 29. Rxc5 {[%clk 0:00:54]} Ba7 {[%clk 1:00:42]}
30. Qe3 {[%clk 0:00:39]} Ne4 {[%clk 0:59:26]} 31. b4 {[%clk 0:01:04]} Rfxe7
{[%clk 0:59:06]} 32. Nxe7 {[%clk 0:01:28]} Bxc5 {[%clk 0:59:21]} 33. bxc5 {[%clk
0:01:51]} Rxe7 {[%clk 0:59:33]} 34. Rd6 {[%clk 0:00:59]} Qh4 {[%clk 0:59:11]} 35.
Rd8+ {[%clk 0:01:18]} Kh7 {[%clk 0:59:36]} 36. Kh2 {[%clk 0:01:18]} Nf6 {[%clk
0:59:23]} 37. Qb3 {[%clk 0:01:03]} Ng4+ {[%clk 0:59:36]} 0-1

[Event "CECLUB Segunda División"]
[Site "Linares"]
[Date "2017.08.11"]
[Round "6"]
[White "Gines Esteo, Pedro Antonio"]
[Black "Santos, Luis"]
[Result "1-0"]
[Board "2"]
[WhiteTitle "FM"]
[WhiteElo "2383"]
[WhiteCountry "ESP"]
[WhiteFideId "32080190"]
[WhiteEloChange "8"]
[BlackTitle "IM"]
[BlackElo "2306"]
[BlackCountry "POR"]
[BlackFideId "1900056"]
[BlackEloChange "-8"]

1. d4 {[%clk 1:30:53]} c5 {[%clk 1:29:40]} 2. dxc5 {[%clk 1:31:15]} Na6 {[%clk
1:29:59]} 3. g3 {[%clk 1:24:43]} Nxc5 {[%clk 1:30:10]} 4. Bg2 {[%clk 1:25:08]}
Nf6 {[%clk 1:30:28]} 5. Nf3 {[%clk 1:25:31]} g6 {[%clk 1:29:46]} 6. b4 {[%clk
1:23:55]} Ne6 {[%clk 1:28:52]} 7. Bb2 {[%clk 1:21:45]} Bg7 {[%clk 1:29:07]} 8.
O-O {[%clk 1:20:51]} Qb6 {[%clk 1:25:54]} 9. Bc3 {[%clk 0:56:34]} d6 {[%clk
1:19:43]} 10. a4 {[%clk 0:55:33]} Bd7 {[%clk 1:19:17]} 11. a5 {[%clk 0:54:53]}
Qa6 {[%clk 1:12:19]} 12. Na3 {[%clk 0:49:17]} Rc8 {[%clk 1:12:21]} 13. Be1 {[%clk
0:39:28]} Ne4 {[%clk 1:09:29]} 14. c4 {[%clk 0:37:50]} Rxc4 {[%clk 1:08:09]} 15.
Nxc4 {[%clk 0:34:17]} Qxc4 {[%clk 1:08:36]} 16. Rc1 {[%clk 0:29:45]} Qa6 {[%clk
1:08:45]} 17. Qd3 {[%clk 0:28:59]} Qxd3 {[%clk 1:04:41]} 18. exd3 {[%clk
0:29:26]} Nf6 {[%clk 1:05:05]} 19. Bd2 {[%clk 0:26:39]} Bb5 {[%clk 1:03:52]} 20.
Be3 {[%clk 0:26:49]} Nd5 {[%clk 1:02:49]} 21. Rc8+ {[%clk 0:19:27]} Kd7 {[%clk
1:03:11]} 22. Rxh8 {[%clk 0:19:51]} Bxh8 {[%clk 1:03:26]} 23. Ne5+ {[%clk
0:19:28]} Bxe5 {[%clk 1:03:23]} 24. Bxd5 {[%clk 0:19:51]} Bxd3 {[%clk 0:55:20]}
25. Rc1 {[%clk 0:19:33]} Nd8 {[%clk 0:53:04]} 26. Bxa7 {[%clk 0:19:15]} e6 {[%clk
0:52:41]} 27. Bb3 {[%clk 0:16:00]} Bb5 {[%clk 0:52:46]} 28. Bc4 {[%clk 0:15:31]}
Bxc4 {[%clk 0:51:49]} 29. Rxc4 {[%clk 0:15:59]} Nc6 {[%clk 0:51:41]} 30. Bb6
{[%clk 0:15:51]} d5 {[%clk 0:51:29]} 31. Rh4 {[%clk 0:16:15]} Bc3 {[%clk
0:48:08]} 32. Rxh7 {[%clk 0:14:20]} Ke8 {[%clk 0:45:33]} 33. b5 {[%clk 0:10:58]}
Nxa5 {[%clk 0:45:40]} 34. Bxa5 {[%clk 0:11:05]} Bxa5 {[%clk 0:45:58]} 35. Rh8+
{[%clk 0:11:33]} Ke7 {[%clk 0:42:52]} 36. Rb8 {[%clk 0:11:34]} b6 {[%clk
0:43:13]} 37. Kg2 {[%clk 0:07:58]} e5 {[%clk 0:41:18]} 38. Kf3 {[%clk 0:07:59]}
Kd6 {[%clk 0:40:18]} 39. Rc8 {[%clk 0:07:12]} d4 {[%clk 0:40:37]} 40. g4 {[%clk
0:05:53]} Kd7 {[%clk 0:38:29]} 41. Rc6 {[%clk 0:05:27]} d3 {[%clk 0:38:48]} 42.
Ke3 {[%clk 0:05:21]} d2 {[%clk 0:39:10]} 43. Ke2 {[%clk 0:05:46]} g5 {[%clk
0:38:16]} 44. Rh6 {[%clk 0:04:11]} Ke7 {[%clk 0:37:36]} 45. f3 {[%clk 0:02:27]}
f6 {[%clk 0:36:17]} 46. Rh8 {[%clk 0:02:39]} Ke6 {[%clk 0:36:10]} 47. Rd8 {[%clk
0:03:03]} Ke7 {[%clk 0:36:23]} 48. Rd3 {[%clk 0:03:24]} Ke6 {[%clk 0:36:33]} 49.
Ke3 {[%clk 0:03:22]} Bb4 {[%clk 0:36:27]} 50. Ke2 {[%clk 0:02:48]} Ba5 {[%clk
0:36:44]} 51. Kd1 {[%clk 0:03:11]} e4 {[%clk 0:36:03]} 52. fxe4 {[%clk 0:03:23]}
Ke5 {[%clk 0:36:25]} 53. Rf3 {[%clk 0:03:10]} Ke6 {[%clk 0:34:28]} 54. Rf5 {[%clk
0:03:25]} Bc3 {[%clk 0:33:00]} 55. h3 {[%clk 0:03:13]} Ke7 {[%clk 0:33:02]} 56.
e5 {[%clk 0:01:57]} Bxe5 {[%clk 0:33:24]} 57. Kxd2 {[%clk 0:02:20]} Kd6 {[%clk
0:32:05]} 58. Rf1 {[%clk 0:02:41]} Kc5 {[%clk 0:31:29]} 59. Rb1 {[%clk 0:03:04]}
Kc4 {[%clk 0:30:57]} 60. Ke3 {[%clk 0:02:26]} Bd4+ {[%clk 0:28:35]} 61. Ke4
{[%clk 0:02:28]} Be5 {[%clk 0:29:00]} 62. Kf5 {[%clk 0:02:13]} Bd4 {[%clk
0:28:59]} 63. Rd1 {[%clk 0:01:59]} Bb2 {[%clk 0:28:19]} 64. Ke6 {[%clk 0:02:15]}
Kc5 {[%clk 0:22:07]} 65. Rd5+ {[%clk 0:02:28]} Kc4 {[%clk 0:19:59]} 66. Kd6
{[%clk 0:02:45]} Bc1 {[%clk 0:19:50]} 67. Kc6 {[%clk 0:03:06]} Be3 {[%clk
0:20:14]} 68. Rd6 {[%clk 0:03:29]} Bg1 {[%clk 0:19:56]} 69. Rxf6 {[%clk 0:03:48]}
Kd4 {[%clk 0:20:15]} 70. Rf1 {[%clk 0:04:08]} 1-0

[Event "CECLUB Segunda División"]
[Site "Linares"]
[Date "2017.08.11"]
[Round "6"]
[White "Zarzo Lopez, Tomas"]
[Black "Ereza Vizcarra, Fernando"]
[Result "1-0"]
[Board "3"]
[WhiteTitle "FM"]
[WhiteElo "2306"]
[WhiteCountry "ESP"]
[WhiteFideId "2204983"]
[WhiteEloChange "3"]
[BlackElo "1984"]
[BlackCountry "ESP"]
[BlackFideId "22268987"]
[BlackEloChange "-3"]

1. d4 {[%clk 1:30:30]} d5 {[%clk 1:30:30]} 2. c4 {[%clk 1:30:30]} c6 {[%clk
1:30:30]} 3. Nf3 {[%clk 1:30:30]} Nf6 {[%clk 1:30:30]} 4. Qc2 {[%clk 1:30:30]} g6
{[%clk 1:30:30]} 5. cxd5 {[%clk 1:30:30]} cxd5 {[%clk 1:30:30]} 6. Nc3 {[%clk
1:30:30]} Nc6 {[%clk 1:30:30]} 7. e3 {[%clk 1:30:30]} Bg7 {[%clk 1:30:30]} 8. Be2
{[%clk 1:30:30]} O-O {[%clk 1:30:30]} 9. O-O {[%clk 1:30:30]} Bf5 {[%clk
1:30:30]} 10. Qb3 {[%clk 1:30:30]} Na5 {[%clk 1:30:30]} 11. Qb4 {[%clk 1:30:30]}
Rc8 {[%clk 1:30:30]} 12. Bd2 {[%clk 1:30:30]} b6 {[%clk 1:30:30]} 13. Rfc1 {[%clk
1:30:30]} Nc4 {[%clk 1:30:30]} 14. Be1 {[%clk 1:30:30]} Qd6 {[%clk 1:30:30]} 15.
Qb3 {[%clk 1:30:30]} Na5 {[%clk 1:30:30]} 16. Qd1 {[%clk 1:30:30]} Qb8 {[%clk
1:30:30]} 17. Ba6 {[%clk 1:30:30]} Rc7 {[%clk 1:30:30]} 18. Ne5 {[%clk 1:30:30]}
Bc8 {[%clk 1:30:30]} 19. Be2 {[%clk 1:30:30]} Bb7 {[%clk 1:30:30]} 20. b4 {[%clk
1:30:30]} Nc6 {[%clk 1:30:30]} 21. Nd3 {[%clk 1:30:30]} e6 {[%clk 1:30:30]} 22.
f3 {[%clk 1:30:30]} Rcc8 {[%clk 1:30:30]} 23. Bg3 {[%clk 1:30:30]} Qa8 {[%clk
1:30:30]} 24. Nb5 {[%clk 1:30:30]} Nh5 {[%clk 1:30:30]} 25. Bf2 {[%clk 1:30:30]}
Rfd8 {[%clk 1:30:30]} 26. g4 {[%clk 1:30:30]} Nf6 {[%clk 1:30:30]} 27. Bg3 {[%clk
1:30:30]} Ne8 {[%clk 1:30:30]} 28. a3 {[%clk 1:30:30]} a6 {[%clk 1:30:30]} 29.
Nc3 {[%clk 1:30:30]} Nxd4 {[%clk 1:30:30]} 30. exd4 {[%clk 1:30:30]} Bxd4+ {[%clk
1:30:30]} 31. Bf2 {[%clk 1:30:30]} Bxc3 {[%clk 1:30:30]} 32. Rxc3 {[%clk
1:30:30]} Rxc3 {[%clk 1:30:30]} 33. Bxb6 {[%clk 1:30:30]} Rdc8 {[%clk 1:30:30]}
34. Bd4 {[%clk 1:30:30]} Rc2 {[%clk 1:30:30]} 35. Nc5 {[%clk 1:30:30]} Rc4 {[%clk
1:30:30]} 36. Bxc4 {[%clk 1:30:30]} dxc4 {[%clk 1:30:30]} 37. Qe2 {[%clk
1:30:30]} Bd5 {[%clk 1:30:30]} 38. Nd7 {[%clk 1:30:30]} Qb7 {[%clk 1:30:30]} 39.
Qe5 {[%clk 1:30:30]} f6 {[%clk 1:30:30]} 40. Nxf6+ {[%clk 1:30:30]} Kf7 {[%clk
1:30:30]} 41. Nxh7 {[%clk 1:30:30]} Ke7 {[%clk 1:30:30]} 42. Bc5+ {[%clk
1:30:30]} Rxc5 {[%clk 1:30:30]} 43. bxc5 {[%clk 1:30:30]} Bxf3 {[%clk 1:30:30]}
44. Re1 {[%clk 1:30:30]} Qd5 {[%clk 1:30:30]} 45. Qxd5 {[%clk 1:30:30]} Bxd5
{[%clk 1:30:30]} 46. Kf2 {[%clk 1:30:30]} Nc7 {[%clk 1:30:30]} 47. Ke3 {[%clk
1:30:30]} Nb5 {[%clk 1:30:30]} 48. a4 {[%clk 1:30:30]} Na3 {[%clk 1:30:30]} 49.
Kd2 {[%clk 1:30:30]} c3+ {[%clk 1:30:30]} 50. Kxc3 {[%clk 1:30:30]} Nc4 {[%clk
1:30:30]} 51. Ng5 {[%clk 1:30:30]} Na5 {[%clk 1:30:30]} 52. Nh3 {[%clk 1:30:30]}
Bf3 {[%clk 1:30:30]} 53. Nf4 {[%clk 1:30:30]} Bxg4 {[%clk 1:30:30]} 54. Nxg6+
{[%clk 1:30:30]} Kf6 {[%clk 1:30:30]} 55. Ne5 {[%clk 1:30:30]} 1-0

[Event "CECLUB Segunda División"]
[Site "Linares"]
[Date "2017.08.11"]
[Round "6"]
[White "Escartin Lacasa, Jose"]
[Black "Figuero Toro, Julian Francisco"]
[Result "0-1"]
[Board "4"]
[WhiteElo "1959"]
[WhiteCountry "ESP"]
[WhiteFideId "32080042"]
[WhiteEloChange "-2"]
[BlackTitle "FM"]
[BlackElo "2300"]
[BlackCountry "ESP"]
[BlackFideId "2210347"]
[BlackEloChange "2"]

1. d4 {[%clk 1:30:30]} c5 {[%clk 1:30:30]} 2. e3 {[%clk 1:30:30]} Nf6 {[%clk
1:30:30]} 3. Nf3 {[%clk 1:30:30]} e6 {[%clk 1:30:30]} 4. Bd3 {[%clk 1:30:30]} b6
{[%clk 1:30:30]} 5. O-O {[%clk 1:30:30]} Bb7 {[%clk 1:30:30]} 6. b3 {[%clk
1:30:30]} Be7 {[%clk 1:30:30]} 7. Bb2 {[%clk 1:30:30]} O-O {[%clk 1:30:30]} 8. c4
{[%clk 1:30:30]} cxd4 {[%clk 1:30:30]} 9. Nxd4 {[%clk 1:30:30]} d6 {[%clk
1:30:30]} 10. Nc3 {[%clk 1:30:30]} Nbd7 {[%clk 1:30:30]} 11. Qe2 {[%clk 1:30:30]}
g6 {[%clk 1:30:30]} 12. e4 {[%clk 1:30:30]} a6 {[%clk 1:30:30]} 13. Rad1 {[%clk
1:30:30]} Qc7 {[%clk 1:30:30]} 14. Nc2 {[%clk 1:30:30]} Rfe8 {[%clk 1:30:30]} 15.
Rfe1 {[%clk 1:30:30]} Bf8 {[%clk 1:30:30]} 16. Ne3 {[%clk 1:30:30]} Bg7 {[%clk
1:30:30]} 17. Rd2 {[%clk 1:30:30]} Rad8 {[%clk 1:30:30]} 18. Red1 {[%clk
1:30:30]} Nc5 {[%clk 1:30:30]} 19. Ng4 {[%clk 1:30:30]} Nh5 {[%clk 1:30:30]} 20.
Bb1 {[%clk 1:30:30]} f5 {[%clk 1:30:30]} 21. Ne3 {[%clk 1:30:30]} fxe4 {[%clk
1:30:30]} 22. b4 {[%clk 1:30:30]} Nd3 {[%clk 1:30:30]} 23. Bxd3 {[%clk 1:30:30]}
Nf4 {[%clk 1:30:30]} 24. Qg4 {[%clk 1:30:30]} Nxd3 {[%clk 1:30:30]} 25. Rxd3
{[%clk 1:30:30]} exd3 {[%clk 1:30:30]} 26. Rxd3 {[%clk 1:30:30]} d5 {[%clk
1:30:30]} 27. cxd5 {[%clk 1:30:30]} exd5 {[%clk 1:30:30]} 28. Nf1 {[%clk
1:30:30]} Qc4 {[%clk 1:30:30]} 29. Qxc4 {[%clk 1:30:30]} dxc4 {[%clk 1:30:30]}
30. Rxd8 {[%clk 1:30:30]} Rxd8 {[%clk 1:30:30]} 31. h3 {[%clk 1:30:30]} b5 {[%clk
1:30:30]} 32. Kh2 {[%clk 1:30:30]} Rd3 {[%clk 1:30:30]} 0-1